00711nam a2200193 i 4500001000400000100002100004245010200025250001900127260006500146300003200211651003800243651003800281655002800319020001500347040000800362041000800370008004100378856009800419bgj1 aCHILTON, John F.10aThe Essentials of United States History :bthe developing nation 1789 to 1841 /cJohn F. Chilton. a[Rev. print.]. aPiscataway, NJ :bResearch and Education Association,c1992. aXI, 88 pp :bmaps ;c21 cm. 9aUnited StatesxHistoryy1789-1841 9aUnited StatesxHistoryy1783-1865 aOutlines, syllabi, etc. a0878917136 cBPK0 aeng s uk f |000 0 eng  uhttp://koha.tu.koszalin.pl/cgi-bin/koha/opac-detail.pl?biblionumber=47860yKatalog online BPK